A common policy for education /

Bibliographic Details
Main Author: Warnock, Mary
Format: Book
Language:English
Published: Oxford, (Oxfordshire) ; New York : Oxford University Press, [1988]
Subjects:

MARC

Tag First Indicator Second Indicator Subfields
LEADER 00000cam a22000008a 4500
001 in00000033457
005 20151007060630.0
008 871231s1988 enk b 00110 eng
010 |a  87035032  
020 |a 0192177621 :  |c $20.00 (U.S.) 
035 |a (OCoLC)17353817 
035 |9 AAC1323AM 
040 |a DLC  |c DLC  |d TXA  |d UtOrBLW 
043 |a e-uk--- 
049 |a TXAM  |c [A11550510] 
050 0 0 |a LC93.G7  |b W27 1988 
082 0 |a 370/.941  |2 19 
100 1 |a Warnock, Mary. 
245 1 2 |a A common policy for education /  |c Mary Warnock. 
264 1 |a Oxford, (Oxfordshire) ;  |a New York :  |b Oxford University Press,  |c [1988] 
264 4 |c ©1988 
300 |a 185 pages 
336 |a text  |b txt  |2 rdacontent 
337 |a unmediated  |b n  |2 rdamedia 
338 |a volume  |b nc  |2 rdacarrier 
504 |a Bibliography: pages [176]-178. 
500 |a Includes index. 
650 0 |a Education and state  |z Great Britain. 
650 0 |a Education  |z Great Britain  |x Aims and objectives. 
999 |a MARS 
999 f f |s 4cf69b93-5212-3203-a649-3f6a8ce2183a  |i 5c70fb7a-c257-38b1-8304-6af8172d83b1  |t 0 
952 f f |p normal  |a Texas A&M University  |b College Station  |c Sterling C. Evans Library  |d Evans: Library Stacks  |t 0  |e LC93.G7 W27 1988  |h Library of Congress classification  |i unmediated -- volume  |m A14811550510 
998 f f |a LC93.G7 W27 1988  |t 0  |l Evans: Library Stacks